| 000 | 00774nam a22002177a 4500 | ||
|---|---|---|---|
| 001 | 8074 | ||
| 003 | FISKH | ||
| 005 | 20250821094339.0 | ||
| 008 | 250821b cb ||||| |||| 00| 0 eng d | ||
| 040 |
_aFISKH _beng _cFISKH _dFISKH |
||
| 050 | _aPE1597.B87 | ||
| 082 | _a428.1 | ||
| 100 | _aBurningham, John | ||
| 245 |
_aJangle Twang / _cJohn Burningham |
||
| 260 |
_aNew York : _bViking Press, _c1984. |
||
| 300 |
_a18 unnumbered pages : _bcolor illustrations ; _c18 cm |
||
| 505 | _aNP | ||
| 520 | _aIllustrations of a boy playing musical instruments while a teddy bear dances are captioned with the words for the sounds the boy makes, such as boom, clash, scrape, and blare. Designed to provide an introduction to reading. | ||
| 942 |
_2ddc _cBK _n0 |
||
| 999 |
_c8074 _d8074 |
||